Statistics for Letters Names By Language- Hebrew

Click here to take the quiz!

General Stats

  • This quiz has been taken 20 times
  • The average score is 17 of 22

Answer Stats

Answer% Correct
alef
100%
bet
94%
dalet
94%
gimel
94%
lamed
89%
mem
89%
nun
89%
shin
83%
vav
83%
zayin
83%
ayin
78%
resh
78%
tet
78%
samekh
72%
tav
72%
yod
72%
hei
67%
tsadi
61%
caf
56%
khet
56%
kuf
56%
pei
39%

Score Distribution

Percentile by Number Answered

Percent of People with Each Score

Your Score History

You have not taken this quiz